Cuaderno estadístico municipal : (Record no. 74755)
[ view plain ]
| 000 -CABECERA | |
|---|---|
| campo de control de longitud fija | 02744cam a22005417a 4500 |
| 003 - IDENTIFICADOR DEL NÚMERO DE CONTROL | |
| campo de control | CHAP |
| 005 - FECHA Y HORA DE LA ÚLTIMA TRANSACCIÓN | |
| campo de control | 20220329141840.0 |
| 008 - DATOS DE LONGITUD FIJA--INFORMACIÓN GENERAL | |
| campo de control de longitud fija | 980201d1997 mx b rs o00010 spa d |
| 010 ## - NÚMERO DE CONTROL DE LA BIBLIOTECA DEL CONGRESO | |
| Número de control de LC | 74755 |
| 011 ## - ENLACE DEL NUMERO DE CONTROL DE LA BIBLIOTECA DEL CONGRESO [OBSOLETO] | |
| Número de control de LC | 75727 |
| 020 ## - NÚMERO INTERNACIONAL ESTÁNDAR DEL LIBRO | |
| Número Internacional Estándar del Libro | 970-13-1566-9 |
| 020 ## - NÚMERO INTERNACIONAL ESTÁNDAR DEL LIBRO | |
| Número Internacional Estándar del Libro | 970-13-1567-7 |
| 020 ## - NÚMERO INTERNACIONAL ESTÁNDAR DEL LIBRO | |
| Número Internacional Estándar del Libro | 970-13-1568-5 |
| 020 ## - NÚMERO INTERNACIONAL ESTÁNDAR DEL LIBRO | |
| Número Internacional Estándar del Libro | 970-13-1570-7 |
| 020 ## - NÚMERO INTERNACIONAL ESTÁNDAR DEL LIBRO | |
| Número Internacional Estándar del Libro | 9701315693 |
| 035 ## - NÚMERO DE CONTROL DEL SISTEMA | |
| Número de control de sistema | 85296 |
| 040 ## - FUENTE DE LA CATALOGACIÓN | |
| Centro/agencia transcriptor | CHAP |
| 082 04 - NÚMERO DE LA CLASIFICACIÓN DECIMAL DEWEY | |
| Número de clasificación | 338.972 |
| Número de documento/Ítem | I59 1996 Ver. |
| 110 2# - ENTRADA PRINCIPAL--NOMBRE DE ENTIDAD CORPORATIVA | |
| Nombre de entidad corporativa o nombre de jurisdicción como elemento de entrada | Instituto Nacional de Estadística, Geografía e Informática. México |
| 9 (RLIN) | 59304 |
| 245 10 - MENCIÓN DE TÍTULO | |
| Título | Cuaderno estadístico municipal : |
| Resto del título | Veracruz |
| Mención de responsabilidad, etc. | /por Instituto Nacional de Estadística, Geografía e Informática |
| 260 0# - PUBLICACIÓN, DISTRIBUCIÓN, ETC. | |
| Lugar de publicación, distribución, etc. | Aguascalientes, Ags. : |
| Nombre del editor, distribuidor, etc. | Instituto Nacional de Estadística, Geografía e Informática, |
| Fecha de publicación, distribución, etc. | 1997-19 |
| 300 ## - DESCRIPCIÓN FÍSICA | |
| Extensión | v. : |
| Otras características físicas | mapas ; gráfs. |
| 500 ## - NOTA GENERAL | |
| Nota general | La biblioteca tiene : v.1 Boca del Río -- v.2 Camerino Z. Mendoza -- v.3 Tantoyuca -- v.4 Tierra Blanca -- v.5 Xalapa-- v.6 Veracruz |
| 590 ## - NOTA LOCAL (RLIN) | |
| Nota local | BATCH-UPD |
| Procedencia (VM) [OBSOLETO] | 10 |
| Condición del los carretes individuales (VM) [OBSOLETO] | 20130110 |
| -- | UCH01 |
| -- | 1825 |
| 590 ## - NOTA LOCAL (RLIN) | |
| Nota local | BATCH-UPD |
| Procedencia (VM) [OBSOLETO] | 10 |
| Condición del los carretes individuales (VM) [OBSOLETO] | 20130410 |
| -- | UCH01 |
| -- | 1158 |
| 590 ## - NOTA LOCAL (RLIN) | |
| Nota local | BATCH-UPD |
| Procedencia (VM) [OBSOLETO] | 10 |
| Condición del los carretes individuales (VM) [OBSOLETO] | 20130914 |
| -- | UCH01 |
| -- | 1501 |
| 590 ## - NOTA LOCAL (RLIN) | |
| Nota local | CONVERSION |
| Procedencia (VM) [OBSOLETO] | 10 |
| Condición del los carretes individuales (VM) [OBSOLETO] | 20130109 |
| -- | UCH01 |
| -- | 1341 |
| 650 14 - PUNTO DE ACCESO ADICIONAL DE MATERIA--TÉRMINO DE MATERIA | |
| Término de materia o nombre geográfico como elemento de entrada | Agricultura |
| Subdivisión general | Estadisticas |
| Subdivisión geográfica | Veracruz. |
| 9 (RLIN) | 1471 |
| 650 14 - PUNTO DE ACCESO ADICIONAL DE MATERIA--TÉRMINO DE MATERIA | |
| Término de materia o nombre geográfico como elemento de entrada | Ganadería |
| Subdivisión general | Estadísticas |
| Subdivisión geográfica | Veracruz. |
| 9 (RLIN) | 44730 |
| 650 14 - PUNTO DE ACCESO ADICIONAL DE MATERIA--TÉRMINO DE MATERIA | |
| Término de materia o nombre geográfico como elemento de entrada | Veracruz |
| Subdivisión general | Condiciones económicas. |
| 9 (RLIN) | 118807 |
| 650 14 - PUNTO DE ACCESO ADICIONAL DE MATERIA--TÉRMINO DE MATERIA | |
| Término de materia o nombre geográfico como elemento de entrada | Veracruz |
| Subdivisión general | Condiciones sociales. |
| 9 (RLIN) | 118809 |
| 650 14 - PUNTO DE ACCESO ADICIONAL DE MATERIA--TÉRMINO DE MATERIA | |
| Término de materia o nombre geográfico como elemento de entrada | Veracruz |
| Subdivisión general | Estadísticas. |
| 9 (RLIN) | 118812 |
| 901 ## - ELEMENTOS DE DATOS A LOCAL LDA (RLIN) | |
| a | BK |
| 905 ## - ELEMENTOS DE DATOS E LOCAL, LDE (RLIN) | |
| a | Lilia Sánchez G. |
| 942 ## - ELEMENTOS DE PUNTO DE ACCESO ADICIONAL (KOHA) | |
| Tipo de ítem Koha | Libro |
| 949 ## - PROCESAMIENTO DE INFORMACIÓN LOCAL (OCLC) | |
| a | 338.972 I59 1996 Ver. |
| b | BC |
| c | INEGI |
| d | 33724000690384 |
| e | INEGI |
| f | v.1 |
| h | 92817 |
| i | 85296 |
| s | b |
| 949 ## - PROCESAMIENTO DE INFORMACIÓN LOCAL (OCLC) | |
| a | 338.972 I59 1996 Ver. |
| b | BC |
| c | INEGI |
| d | 33724000690392 |
| e | INEGI |
| f | v.2 |
| h | 92818 |
| i | 85296 |
| s | b |
| 949 ## - PROCESAMIENTO DE INFORMACIÓN LOCAL (OCLC) | |
| a | 338.972 I59 1996 Ver. |
| b | BC |
| c | INEGI |
| d | 33724000690400 |
| e | INEGI |
| f | v.3 |
| h | 92819 |
| i | 85296 |
| s | b |
| 949 ## - PROCESAMIENTO DE INFORMACIÓN LOCAL (OCLC) | |
| a | 338.972 I59 1996 Ver. |
| b | BC |
| c | INEGI |
| d | 33724000690418 |
| e | INEGI |
| f | v.4 |
| h | 92820 |
| i | 85296 |
| s | b |
| 949 ## - PROCESAMIENTO DE INFORMACIÓN LOCAL (OCLC) | |
| a | 338.972 I59 1996 Ver. |
| b | BC |
| c | INEGI |
| d | 33724000690426 |
| e | INEGI |
| f | v.5 |
| h | 92821 |
| i | 85296 |
| s | b |
| 949 ## - PROCESAMIENTO DE INFORMACIÓN LOCAL (OCLC) | |
| a | 338.972 I59 1996 Ver. |
| b | BC |
| c | INEGI |
| d | 33724000702106 |
| e | INEGI |
| f | v.6 |
| h | 94079 |
| i | 85296 |
| s | b |
| 949 ## - PROCESAMIENTO DE INFORMACIÓN LOCAL (OCLC) | |
| a | 338.972 I59 1996 Ver. |
| b | BC |
| c | INEGI |
| d | 33724000840500 |
| e | INEGI |
| f | v.2 c.2 |
| g | DonaciØn |
| h | 100761 |
| i | 85296 |
| s | b |
| 949 ## - PROCESAMIENTO DE INFORMACIÓN LOCAL (OCLC) | |
| a | 338.972 I59 1996 Ver. |
| b | BC |
| c | INEGI |
| d | 33724000840567 |
| e | INEGI |
| f | v.3 c.2 |
| g | DonaciØn |
| h | 100762 |
| i | 85296 |
| s | b |
| 949 ## - PROCESAMIENTO DE INFORMACIÓN LOCAL (OCLC) | |
| a | 338.972 I59 1996 Ver. |
| b | BC |
| c | INEGI |
| d | 33724000840740 |
| e | INEGI |
| f | v.1 c.2 |
| g | DonaciØn |
| h | 100760 |
| i | 85296 |
| s | b |
| 949 ## - PROCESAMIENTO DE INFORMACIÓN LOCAL (OCLC) | |
| a | 338.972 I59 1996 Ver. |
| b | BC |
| c | INEGI |
| d | 33724000840807 |
| e | INEGI |
| f | v.6 c.2 |
| g | DonaciØn |
| h | 100764 |
| i | 85296 |
| s | b |
| 949 ## - PROCESAMIENTO DE INFORMACIÓN LOCAL (OCLC) | |
| a | 338.972 I59 1996 Ver. |
| b | BC |
| c | INEGI |
| d | 33724000840864 |
| e | INEGI |
| f | v.4 c.2 |
| g | DonaciØn |
| h | 100763 |
| i | 85296 |
| s | b |
| 949 ## - PROCESAMIENTO DE INFORMACIÓN LOCAL (OCLC) | |
| a | 338.972 I59 1996 Ver. |
| b | BC |
| c | INEGI |
| d | 33724000840922 |
| e | INEGI |
| f | v.5 c.2 |
| g | DonaciØn |
| h | 100765 |
| i | 85296 |
| s | b |
| Estado de retiro | Estado de pérdida | Fuente del sistema de clasificación o colocación | Estado dañado | Restricciones de uso | No para préstamo | Código de colección | Localización permanente | Ubicación/localización actual | Ubicación en estantería | Fecha de adquisición | Fuente de adquisición | Información codificada de la localización en otra ubicación | Total de préstamos | Signatura topográfica completa | Código de barras | Fecha visto por última vez | Número de copia | Precio válido a partir de | Tipo de ítem Koha |
|---|---|---|---|---|---|---|---|---|---|---|---|---|---|---|---|---|---|---|---|
| Dewey Decimal Classification | Préstamo interno | Publicaciones INEGI | Biblioteca Central | Biblioteca Central | Planta baja - Colección INEGI | 31/12/2019 | Donacion | LIBRO | 338.972 I59 1996 Ver. | 33724000690384 | 31/12/2019 | v.1 | 31/12/2019 | Libro | |||||
| Dewey Decimal Classification | Préstamo interno | Publicaciones INEGI | Biblioteca Central | Biblioteca Central | Planta baja - Colección INEGI | 31/12/2019 | Donacion | LIBRO | 338.972 I59 1996 Ver. | 33724000690392 | 31/12/2019 | v.2 | 31/12/2019 | Libro | |||||
| Dewey Decimal Classification | Préstamo interno | Publicaciones INEGI | Biblioteca Central | Biblioteca Central | Planta baja - Colección INEGI | 31/12/2019 | Donacion | LIBRO | 338.972 I59 1996 Ver. | 33724000690400 | 31/12/2019 | v.3 | 31/12/2019 | Libro | |||||
| Dewey Decimal Classification | Préstamo interno | Publicaciones INEGI | Biblioteca Central | Biblioteca Central | Planta baja - Colección INEGI | 31/12/2019 | Donacion | LIBRO | 338.972 I59 1996 Ver. | 33724000690418 | 31/12/2019 | v.4 | 31/12/2019 | Libro | |||||
| Dewey Decimal Classification | Préstamo interno | Publicaciones INEGI | Biblioteca Central | Biblioteca Central | Planta baja - Colección INEGI | 31/12/2019 | Donacion | LIBRO | 338.972 I59 1996 Ver. | 33724000690426 | 31/12/2019 | v.5 | 31/12/2019 | Libro | |||||
| Dewey Decimal Classification | Préstamo interno | Publicaciones INEGI | Biblioteca Central | Biblioteca Central | Planta baja - Colección INEGI | 31/12/2019 | Donacion | LIBRO | 338.972 I59 1996 Ver. | 33724000702106 | 31/12/2019 | v.6 | 31/12/2019 | Libro | |||||
| Dewey Decimal Classification | Préstamo interno | Publicaciones INEGI | Biblioteca Central | Biblioteca Central | Planta baja - Colección INEGI | 31/12/2019 | LIBRO | 338.972 I59 1996 Ver. | 33724000840500 | 31/12/2019 | v.2 c.2 | 31/12/2019 | Libro | ||||||
| Dewey Decimal Classification | Préstamo interno | Publicaciones INEGI | Biblioteca Central | Biblioteca Central | Planta baja - Colección INEGI | 31/12/2019 | LIBRO | 338.972 I59 1996 Ver. | 33724000840567 | 31/12/2019 | v.3 c.2 | 31/12/2019 | Libro | ||||||
| Dewey Decimal Classification | Préstamo interno | Publicaciones INEGI | Biblioteca Central | Biblioteca Central | Planta baja - Colección INEGI | 31/12/2019 | LIBRO | 338.972 I59 1996 Ver. | 33724000840740 | 31/12/2019 | v.1 c.2 | 31/12/2019 | Libro | ||||||
| Dewey Decimal Classification | Préstamo interno | Publicaciones INEGI | Biblioteca Central | Biblioteca Central | Planta baja - Colección INEGI | 31/12/2019 | LIBRO | 338.972 I59 1996 Ver. | 33724000840807 | 31/12/2019 | v.6 c.2 | 31/12/2019 | Libro | ||||||
| Dewey Decimal Classification | Préstamo interno | Publicaciones INEGI | Biblioteca Central | Biblioteca Central | Planta baja - Colección INEGI | 31/12/2019 | LIBRO | 338.972 I59 1996 Ver. | 33724000840864 | 31/12/2019 | v.4 c.2 | 31/12/2019 | Libro | ||||||
| Dewey Decimal Classification | Préstamo interno | Publicaciones INEGI | Biblioteca Central | Biblioteca Central | Planta baja - Colección INEGI | 31/12/2019 | LIBRO | 338.972 I59 1996 Ver. | 33724000840922 | 31/12/2019 | v.5 c.2 | 31/12/2019 | Libro |
